| 000 | 01047nam0a22002651 4500 | ||
|---|---|---|---|
| 001 | rc\4718421 | ||
| 005 | 20260408015943.0 | ||
| 021 |
_aRU _bРг10359-67 |
||
| 035 | _a(NLR Aleph) 008440238 | ||
| 090 |
_a9473368 _c9473368 |
||
| 100 | _a20130416d1963 |||y0rusy50 ca | ||
| 101 | 0 | _arus | |
| 102 | _aRU | ||
| 105 | _ay z ||||| | ||
| 200 | 1 |
_aТиповые правила пользования научно-технической и технической библиотекой организации (предприятия) ГКРЭ и ГКЭТ _eПроект |
|
| 210 |
_aМосква _cБ. и. _d[1963] |
||
| 215 |
_a[3] с. _d20 |
||
| 300 | _aОтпеч. множит. аппаратом | ||
| 710 | 0 | 1 |
_aСССР _bКомитет по радиоэлектронике _3RU\NLR\AUTH\889939147 _9373175 |
| 712 | 0 | 1 |
_aСССР _bКомитет по электронной технике _3RU\NLR\AUTH\8810179268 _9854675 |
| 801 | 0 |
_aRU _bNLR _gpsbo |
|
| 801 | 1 |
_aRU _bELAR _2rusmarc |
|
| 852 |
_aNLR _jБ 6140.4/Т-434 |
||
| 942 | _cBOOK | ||
| 980 | _aNB | ||